<?xml version="1.0" encoding="UTF-8"?>
<record
    xmlns:xsi="http://www.w3.org/2001/XMLSchema-instance"
    xsi:schemaLocation="http://www.loc.gov/MARC21/slim http://www.loc.gov/standards/marcxml/schema/MARC21slim.xsd"
    xmlns="http://www.loc.gov/MARC21/slim">

  <leader>03539nam a2200457 i 4500</leader>
  <controlfield tag="001">52565</controlfield>
  <controlfield tag="003">FlNmELB</controlfield>
  <controlfield tag="005">20241216232413.0</controlfield>
  <controlfield tag="006">m     o  d |      </controlfield>
  <controlfield tag="007">cr cnu||||||||</controlfield>
  <controlfield tag="008">210421s2007    sp a    o     000 0 spa d</controlfield>
  <datafield tag="020" ind1=" " ind2=" ">
    <subfield code="a">9788434214965</subfield>
    <subfield code="q">(e-book)</subfield>
  </datafield>
  <datafield tag="035" ind1=" " ind2=" ">
    <subfield code="a">(OCoLC)1252202659</subfield>
  </datafield>
  <datafield tag="040" ind1=" " ind2=" ">
    <subfield code="a">FINmELB</subfield>
    <subfield code="b">spa</subfield>
    <subfield code="e">rda</subfield>
    <subfield code="c">FINmELB</subfield>
  </datafield>
  <datafield tag="050" ind1=" " ind2="4">
    <subfield code="a">NC760</subfield>
    <subfield code="b">.S266 2007</subfield>
  </datafield>
  <datafield tag="080" ind1=" " ind2=" ">
    <subfield code="a">743</subfield>
  </datafield>
  <datafield tag="082" ind1="0" ind2="4">
    <subfield code="a">743.49</subfield>
    <subfield code="2">23</subfield>
  </datafield>
  <datafield tag="100" ind1="1" ind2=" ">
    <subfield code="a">Sanmiguel, David,</subfield>
    <subfield code="e">autor.</subfield>
  </datafield>
  <datafield tag="245" ind1="1" ind2="0">
    <subfield code="a">Figura /</subfield>
    <subfield code="c">textos y coordinaci&#xF3;n, David Sanmiguel.</subfield>
  </datafield>
  <datafield tag="250" ind1=" " ind2=" ">
    <subfield code="a">Segunda edici&#xF3;n.</subfield>
  </datafield>
  <datafield tag="264" ind1=" " ind2="1">
    <subfield code="a">Barcelona :</subfield>
    <subfield code="b">Parram&#xF3;n,</subfield>
    <subfield code="c">2007.</subfield>
  </datafield>
  <datafield tag="300" ind1=" " ind2=" ">
    <subfield code="a">1 recurso en l&#xED;nea (96 p&#xE1;ginas) :</subfield>
    <subfield code="b">ilustraciones (principalmente a color)</subfield>
  </datafield>
  <datafield tag="336" ind1=" " ind2=" ">
    <subfield code="a">texto</subfield>
    <subfield code="b">txt</subfield>
    <subfield code="2">rdacontent/spa</subfield>
  </datafield>
  <datafield tag="337" ind1=" " ind2=" ">
    <subfield code="a">computadora</subfield>
    <subfield code="b">c</subfield>
    <subfield code="2">rdamedia/spa</subfield>
  </datafield>
  <datafield tag="338" ind1=" " ind2=" ">
    <subfield code="a">recurso en l&#xED;nea</subfield>
    <subfield code="b">cr</subfield>
    <subfield code="2">rdacarrier/spa</subfield>
  </datafield>
  <datafield tag="490" ind1="1" ind2=" ">
    <subfield code="a">El rinc&#xF3;n del pintor</subfield>
  </datafield>
  <datafield tag="505" ind1="0" ind2=" ">
    <subfield code="a">- La figura humana en el arte Figura humana y cuerpo humano La importancia del desnudo La figura como s&#xED;mbolo La figura como retrato La figura como personaje El mundo imaginario Caricatura y s&#xE1;tira La figura como forma - Estudios sobre la figura humana Las proporciones humanas Relaciones entre las dimensiones del cuerpo Anatom&#xED;a b&#xE1;sica: el esqueleto Distribuci&#xF3;n de los huesos Anatom&#xED;a b&#xE1;sica: la musculatura El dibujo del tronco El dibujo de las piernas y los brazos El dibujo de las manos Proporciones El pulgar Los pies Vistas frontal y lateral La cabeza Proporciones de la cabeza Divisiones y referencias Desarrollo de la figura La representaci&#xF3;n del volumen El movimiento de la figura: la marcha El dibujo de la figura en movimiento La carrera La secuencia de movimientos Figuras en movimiento El escorzo - Procedimientos para dibujar y pintar la figura El l&#xE1;piz Jugar con intensidades Los apuntes a l&#xE1;piz Luces y sombras Un retrato a l&#xE1;piz La tinta Valores gr&#xE1;ficos Apuntes a tinta Combinaciones con tinta Una figura multicolor Cretas y pasteles El color del soporte Desnudo masculino al pastel La acuarela y las t&#xE9;cnicas h&#xFA;medas Proceso de la acuarela Apuntes a la acuarela Dibujo a pincel Espalda femenina a la acuarela La pintura al &#xF3;leo El claroscuro Obras de factura r&#xE1;pida - La pintura de figures en la pr&#xE1;ctica Estudios de movimiento con l&#xE1;pices de colores El equilibrio din&#xE1;mico Movimientos r&#xED;tmicos Figura con rotuladores Dibujo y color en una figura a la acuarela La figura en la acuarela cl&#xE1;sica Figura acostada Figura al &#xF3;leo en claroscuro.</subfield>
  </datafield>
  <datafield tag="520" ind1=" " ind2=" ">
    <subfield code="a">La representaci&#xF3;n de la figura humana abarca muchas disciplinas: la anatom&#xED;a, la proporci&#xF3;n, el movimiento, el retrato . . . En esta colecci&#xF3;n ya han aparecido t&#xED;tulos que tratan en profundidad algunos de estos aspectos parciales. Esta obra viene a completar el estudio de la figura humana dando respuesta a las cuestiones que se plantean al comenzar su representaci&#xF3;n. Todas las explicaciones van acompa&#xF1;adas de ejemplos pr&#xE1;cticos y ejercicios que convierten este libro en una &#xFA;til herramienta de trabajo.</subfield>
  </datafield>
  <datafield tag="650" ind1=" " ind2="0">
    <subfield code="a">Anatomy, Artistic.</subfield>
  </datafield>
  <datafield tag="650" ind1=" " ind2="0">
    <subfield code="a">Human figure in art.</subfield>
  </datafield>
  <datafield tag="650" ind1=" " ind2="4">
    <subfield code="a">Anatom&#xED;a art&#xED;stica.</subfield>
  </datafield>
  <datafield tag="650" ind1=" " ind2="4">
    <subfield code="a">Figura humana en el arte.</subfield>
  </datafield>
  <datafield tag="650" ind1=" " ind2="4">
    <subfield code="a">Dibujo</subfield>
    <subfield code="x">T&#xE9;cnica.</subfield>
  </datafield>
  <datafield tag="655" ind1=" " ind2="4">
    <subfield code="a">Libros electr&#xF3;nicos.</subfield>
  </datafield>
  <datafield tag="797" ind1="2" ind2=" ">
    <subfield code="a">elibro, Corp.</subfield>
  </datafield>
  <datafield tag="830" ind1=" " ind2="0">
    <subfield code="a">El Rinc&#xF3;n del pintor.</subfield>
  </datafield>
  <datafield tag="856" ind1="4" ind2="0">
    <subfield code="u">https://elibro.net/ereader/politecnicointernacional/119237</subfield>
  </datafield>
  <datafield tag="999" ind1=" " ind2=" ">
    <subfield code="c">52565</subfield>
    <subfield code="d">52565</subfield>
  </datafield>
</record>
